| 000 | 00516nam a2200181Ia 4500 | ||
|---|---|---|---|
| 005 | 20250923144223.0 | ||
| 008 | 008 250917s9999 xx 000 0 eng d | ||
| 037 | _aTextual | ||
| 040 |
_aDSWL _beng _cDSWL |
||
| 041 |
_aeng _2eng |
||
| 084 |
_aY72:1:3:1:N5, J1 _qDSWL |
||
| 100 |
_aNadel, S.F _9822525 |
||
| 245 | 0 |
_aFoundations of social anthropology _cby S.F Nadel |
|
| 260 |
_aLondon _c1951 |
||
| 300 | _a1426 p. | ||
| 942 |
_cTEXL _hY72:1:3:1:N5, J1 |
||
| 999 |
_c1436230 _d1436230 |
||